Manual of Mineralogy after James D. Dana

I tiakina i:
Ngā taipitopito rārangi puna kōrero
Ngā kaituhi matua: Hurlbut, Cornelius S (Author), Klein, Cornelis (Author)
Hōputu: Pukapuka
Reo:Ingarihi
I whakaputaina: Nueva York John Wiley and Sons 1977
Putanga:19a. ed
Ngā marau:
Ngā Tūtohu: Tāpirihia he Tūtohu
Kāore He Tūtohu, Me noho koe te mea tuatahi ki te tūtohu i tēnei pūkete!

MARC

LEADER 00000cam a2200000 a 4500
001 UCC6715
003 CL-VaPUC
008 190103e19770000us |||||||||||||||||eng|d
020 |a 0471422266 
082 0 4 |a 549  |b HUR  |2 21 
100 |a Hurlbut, Cornelius S  |e author  |9 601182 
700 |a Klein, Cornelis  |e author  |9 601183 
245 1 0 |a Manual of Mineralogy after James D. Dana 
250 |a 19a. ed 
300 |a 532 p 
942 |c BK 
945 |d 20190103 17:32:00  |a dcastane 
260 |a Nueva York  |b John Wiley and Sons  |c 1977 
650 0 |a Mineralogía  |9 267055 
650 7 |a CRISTALOGRAFIA  |2 CL-VaPUC  |9 345856 
583 |a last modification  |c 20190103 17:32:00  |k Rodrigo Vera 
999 |c 373582  |d 373580 
952 |0 0  |1 0  |2 ddc  |3 erd  |4 0  |6 549_000000000000000_HUR_1977  |7 0  |8 A  |9 491774  |a BIBING  |b BIBING  |c RES  |i 552685K  |o 549 HUR 1977  |p 552685K  |r 2025-01-20  |w 2019-11-24  |y BK  |z Catalogado en:20190103  |k EIQ